BIBLIOTECA

SENCICO

Ensayo de proctor modificado densidad de campo cono de arena / (Registro nro. 4313)

Detalles MARC
000 -LEADER
fixed length control field 01165nam a22002657a 4500
003 - CONTROL NUMBER IDENTIFIER
control field PE SENCICO BE
005 - DATE AND TIME OF LATEST TRANSACTION
control field 20251020182642.0
008 - FIXED-LENGTH DATA ELEMENTS--GENERAL INFORMATION
fixed length control field 230918b |||||||| |||| 00| 0 eng d
040 ## - CATALOGING SOURCE
Original cataloging agency PE SENCICO BE
Transcribing agency PE SENCICO BE
041 ## - LANGUAGE CODE
Language code of text/sound track or separate title spa
084 ## - OTHER CLASSIFICATION NUMBER
Classification number I
-- LAB
-- 2018
Item number N51
100 1# - MAIN ENTRY--PERSONAL NAME
9 (RLIN) 1581
Personal name Neyra de la Cruz, Eric Edgardo
Relator term autor
245 1# - TITLE STATEMENT
Title Ensayo de proctor modificado densidad de campo cono de arena /
Statement of responsibility, etc. Eric Edgardo Neyra de la Cruz
260 ## - PUBLICATION, DISTRIBUTION, ETC.
Place of publication, distribution, etc. Lima :
Date of publication, distribution, etc. 2018
300 ## - PHYSICAL DESCRIPTION
Extent 62 hojas :
Other physical details ilustraciones a color, diagramas :
Dimensions 30 cm.
502 ## - DISSERTATION NOTE
Dissertation note Monografía de Titulación.-- Servicio Nacional de Capacitación para la Industria de la Construcción. Escuela Superior Técnica. Carrera Profesional Técnica en Laboratorio de Suelos, Concreto y Asfalto, 2018.
650 10 - SUBJECT ADDED ENTRY--TOPICAL TERM
9 (RLIN) 1263
Topical term or geographic name entry element Laboratorio de ensayo de materiales
650 20 - SUBJECT ADDED ENTRY--TOPICAL TERM
9 (RLIN) 1565
Topical term or geographic name entry element Compactación de suelos
650 20 - SUBJECT ADDED ENTRY--TOPICAL TERM
9 (RLIN) 1582
Topical term or geographic name entry element Humedad del suelo
650 20 - SUBJECT ADDED ENTRY--TOPICAL TERM
9 (RLIN) 1568
Topical term or geographic name entry element Densidad del suelo
650 20 - SUBJECT ADDED ENTRY--TOPICAL TERM
9 (RLIN) 1262
Topical term or geographic name entry element Laboratorio de suelos
710 1# - ADDED ENTRY--CORPORATE NAME
Corporate name or jurisdiction name as entry element Servicio Nacional de Capacitación para la Industria de la Construcción.
Subordinate unit Escuela Superior Técnica
9 (RLIN) 1065
910 ## - USER-OPTION DATA (OCLC)
-- hfp
-- hfp
942 ## - ADDED ENTRY ELEMENTS (KOHA)
Koha item type Monografía de Titulación
Source of classification or shelving scheme Dewey Decimal Classification
Existencias
Fecha de la última vez que lo usaron Número de ingreso o de inventario Pago total Signatura topográfica completa Precio efectivo desde Tipo de documento Estado perdido Estado dañado No es para préstamo Retirado Ubicación permanente Ubicación actual Fecha de adquisición
18/09/2023 I-00130   I/LAB/2018/N51 18/09/2023 Monografía de Titulación         Biblioteca Central Lima Biblioteca Central Lima 18/09/2023